Dải sương mù chết chóc

Zapisane w:
Opis bibliograficzny
1. autor: Dark, Jarson
Format: Książka
Język:Undetermined
Wydane: Thành phố Hồ Chí Minh Thanh Niên 2001
Hasła przedmiotowe:
Etykiety: Dodaj etykietę
Nie ma etykietki, Dołącz pierwszą etykiete!
Thư viện lưu trữ: Trung tâm Học liệu Trường Đại học Cần Thơ
LEADER 00558nam a2200193Ia 4500
001 CTU_116705
008 210402s9999 xx 000 0 und d
082 |a 813.5 
082 |b D219 
100 |a Dark, Jarson 
245 0 |a Dải sương mù chết chóc 
245 0 |c Jarson Dark; Khanh Khanh dịch 
260 |a Thành phố Hồ Chí Minh 
260 |b Thanh Niên 
260 |c 2001 
650 |a American fiction 
650 |x 20th century ( vietnamese ) 
904 |i M.Loan 
980 |a Trung tâm Học liệu Trường Đại học Cần Thơ